Alle Bayern-Bezwinger im DFB-Pokal - Statistiken

Allgemein
  • Dieses Quiz wurde 3.819 mal gespielt
    1.542 seit der letzten Aktualisierung
  • Das Durchschnittsergebnis liegt bei 28 aus 47
Antwortstatistiken
Datum Runde Ergebnis (aus Sicht des FCB) Gegner % Korrekt
12.09.1992 2. Runde 2:2, 2:2 n.V.; 4:5 i.E. Borussia Dortmund
98%
12.05.2012 Finale 2:5 Borussia Dortmund
98%
28.04.2015 Halbfinale 1:1, 1:1 n.V; 0:2 i.E. Borussia Dortmund
98%
26.04.2017 Halbfinale 2:3 Borussia Dortmund
98%
04.03.2009 Viertelfinale 2:4 Bayer 04 Leverkusen
93%
03.12.2024 Achtelfinale 0:1 Bayer 04 Leverkusen
93%
13.04.1974 Halbfinale 2:3 Eintracht Frankfurt
93%
19.05.2018 Finale 1:3 Eintracht Frankfurt
93%
27.10.2021 2. Runde 0:5 Borussia Mönchengladbach
88%
06.03.2002 Halbfinale 0:0, 0:2 n.V. FC Schalke 04
87%
02.03.2011 Halbfinale 0:1 FC Schalke 04
87%
01.06.1976 Halbfinale – Wh.-Spiel 0:1 Hamburger SV
87%
09.03.1988 Viertelfinale 1:2 Hamburger SV
87%
01.11.2023 2. Runde 1:2 1. FC Saarbrücken
86%
13.01.2021 2. Runde 2:2, 2:2 n.V.; 5:6 i.E. Holstein Kiel
86%
12.06.1999 Finale 1:1, 1:1 n.V.; 4:5 i.E. SV Werder Bremen
86%
09.11.1989 Achtelfinale 0:3 VfB Stuttgart
81%
12.04.1972 Viertelfinale – Rückspiel 1:5 1. FC Köln
76%
19.02.1977 Viertelfinale 1:1, 2:4 n.V. Hertha BSC
76%
04.12.1971 1. Runde – Hinspiel 1:2 SC Fortuna Köln
76%
04.04.2023 Viertelfinale 1:2 SC Freiburg
76%
05.08.1970 Viertelfinale 1:2 1. FC Nürnberg
72%
22.11.1980 3. Runde 1:2 1. FC Kaiserslautern
65%
18.11.1986 Achtelfinale 0:3 Fortuna Düsseldorf
58%
18.09.1995 2. Runde 1:3 Fortuna Düsseldorf
58%
09.11.1993 Achtelfinale 1:2 Dynamo Dresden
56%
04.02.1989 Achtelfinale 3:4 Karlsruher SC
51%
19.02.1997 Viertelfinale 0:1 Karlsruher SC
51%
15.05.1968 Halbfinale 1:2 VfL Bochum
51%
04.02.2004 Viertelfinale 1:2 TSV Alemannia Aachen
50%
20.12.2006 Achtelfinale 2:4 TSV Alemannia Aachen
50%
22.08.1943 1. Schlussrunde 0:3 KSG BC/Post Augsburg
48%
16.10.1982 2. Runde 0:2 Eintracht Braunschweig
45%
08.02.1975 3. Runde 2:3 MSV Duisburg
44%
01.11.2000 2. Runde 1:1, 1:1 n.V.; 2:4 i.E. 1. FC Magdeburg
33%
26.05.1985 Finale 1:2 Bayer 05 Uerdingen
33%
11.09.1938 2. Schlussrunde 1:2 VfR Mannheim
33%
18.04.1973 Viertelfinale – Rückspiel 2:4 Kickers Offenbach
31%
14.06.1936 1. Schlussrunde 3:4 1. SSV Ulm 1928
29%
01.09.1935 1. Schlussrunde 4:4, 4:5 n.V. Ulmer FV 1894
29%
18.08.1940 1. Schlussrunde 0:1 Wiener Sport-Club
25%
14.08.1994 1. Runde 0:1 TSV Vestenbergsgreuth
24%
23.09.1978 2. Runde 4:5 VfL Osnabrück
19%
15.10.1977 3. Runde 1:3 FC 08 Homburg
17%
17.08.1991 2. Runde 2:2, 2:4 n.V. FC 08 Homburg
17%
04.08.1990 1. Runde 0:1 FV 09 Weinheim
8%
12.01.1980 3. Runde 0:1 SpVgg Bayreuth
6%
Keine übereinstimmenden Quizze gefunden
Verteilung der Resultate
Anzahl Personen mit jedem Resultat
Perzentil nach korrekt beantworteten Fragen
Ihre Resultats-Entwicklung
Sie haben dieses Quiz seit der letzten Aktualisierung nicht gespielt